José Aricó: traducir el marxismo en América Latina /

Guardado en:
Bibliografiske detaljer
Hovedforfatter: Cortés, Martín
Format: Bog
Sprog:Spanish
Tags: Tilføj Tag
Ingen Tags, Vær først til at tagge denne postø!

MARC

LEADER 00000nam a22000007a 4500
003 cru CIDCACS/IIS
005 20200925161324.0
007 ta
008 170324e2016 ag ||||| |||| 00| 0 spa d
040 |c CRAI/IIS  |a CRAI/IIS 
090 |a REV0712 (262) 2016 
100 1 |9 3932  |a Cortés, Martín 
245 1 |a José Aricó:  |b traducir el marxismo en América Latina /  |c Martín Cortés 
300 |a páginas 147-156 
773 0 |0 19022  |9 513  |a Fundación Friedrich Ebert  |d Fundación Friedrich Ebert; Nueva Sociedad  |o R19032  |t Nueva Sociedad / 
942 |2 ddc  |c PP 
999 |c 19118  |d 19118